000
00345nam a2200133Ia 4500
008
230312s9999||||xx |||||||||||||| ||und||
082
_a
891.4
_b
RAF-P
100
_a
رفیعح الدین ذکی قریشی اشرفی
245
0
_a
پَر تَوِ نعت
260
_b
Almadina
_a
pak
_c
2013
300
_a
144
650
_a
Literature
942
_c
BK
999
_c
15040
_d
15040